Sports Quiz

Random Sports or Word Ladder Quiz

WWE Money In the Bank Ladder Match Quiz Stats

 Plays Quiz not verified by Sporcle

Challenge
Share
Tweet
Embed
Score 0/149 Timer 10:00
0 Plays Today
Event Wrestler % Correct
Wrestlemania 21Kane
97.9%
Wrestlemania XXVKane
97.9%
Wrestlemania XXVIKane
97.9%
Money In The Bank 2010 (Smackdown)Kane
97.9%
Wrestlemania 21Edge
97.3%
Wrestlemania 23Edge
97.3%
Money In The Bank 2010 (Raw)Edge
97.3%
Money in the Bank 2012 (WWE Championship)John Cena
97.1%
Money in the Bank 2012 (WWE Championship)Kane
97.1%
Money in the Bank 2013 (WWE Championship)Rob Van Dam
95%
Money in the Bank 2013 (WWE Championship)CM Punk
95%
Money in the Bank 2013 (WWE Championship)Christian
95%
Money in the Bank 2012 (World Heavyweight Championship)Christian
94.9%
Money in the Bank 2012 (WWE Championship)Chris Jericho
94.9%
Money in the Bank 2013 (WWE Championship)Randy Orton
94.1%
Wrestlemania 21Christian
93.5%
Wrestlemania XXVChristian
93.5%
Wrestlemania XXVIChristian
93.5%
Money In The Bank 2010 (Smackdown)Christian
93.5%
Money in the Bank 2015Kane
93.5%
Money in the Bank 2012 (WWE Championship)The Miz
93.4%
Wrestlemania 21Chris Jericho
93.2%
Wrestlemania 21Shelton Benjamin
93.2%
Wrestlemania 22Shelton Benjamin
93.2%
Wrestlemania 23Jeff Hardy
93.2%
Wrestlemania XXIVShelton Benjamin
93.2%
Wrestlemania XXIVChris Jericho
93.2%
Wrestlemania XXVShelton Benjamin
93.2%
Wrestlemania XXVIShelton Benjamin
93.2%
Money In The Bank 2010 (Raw)Chris Jericho
93.2%
Money in the Bank 2013 (World Heavyweight Championship)Cody Rhodes
93.1%
Money in the Bank 2013 (WWE Championship)Daniel Bryan
93.1%
Money In The Bank 2010 (Raw)The Miz
92.8%
Money in the Bank 2012 (WWE Championship)The Big Show
92.6%
Money in the Bank 2014Rob Van Dam
92.6%
Wrestlemania 22Matt Hardy
92.5%
Wrestlemania 23CM Punk
92.5%
Wrestlemania 23Matt Hardy
92.5%
Wrestlemania XXIVCM Punk
92.5%
Wrestlemania XXVCM Punk
92.5%
Wrestlemania XXVIMatt Hardy
92.5%
Money In The Bank 2010 (Smackdown)Matt Hardy
92.5%
Money in the Bank 2012 (World Heavyweight Championship)Dolph Ziggler
91.9%
Money in the Bank 2012 (World Heavyweight Championship)Cody Rhodes
91.9%
Wrestlemania 23Randy Orton
91.8%
Money In The Bank 2010 (Raw)Randy Orton
91.8%
Money in the Bank 2014Seth Rollins
91.2%
Money in the Bank 2014Dean Ambrose
91.2%
Money in the Bank 2014Dolph Ziggler
91.2%
Money in the Bank 2013 (World Heavyweight Championship)Dean Ambrose
90.1%
Event Wrestler % Correct
Money in the Bank 2013 (World Heavyweight Championship)Jack Swagger
90.1%
Money in the Bank 2016Chris Jericho
89.3%
Money in the Bank 2015Dolph Ziggler
89.1%
Money In The Bank 2010 (Smackdown)The Big Show
88.7%
Money in the Bank 2017 (Mens)Dolph Ziggler
88.5%
Wrestlemania 23Mr Kennedy
88.4%
Wrestlemania XXIVMr Kennedy
88.4%
Wrestlemania XXVIJack Swagger
88.4%
Money in the Bank 2014Kofi Kingston
88.2%
Money in the Bank 2013 (World Heavyweight Championship)Damien Sandow
88.1%
Wrestlemania 22Rob Van Dam
87.7%
Money in the Bank 2018 (Womens)Alexa Bliss
87.5%
Money in the Bank 2018 (Womens)Charlotte Flair
87.5%
Money in the Bank 2018 (Womens)Lana
87.5%
Money in the Bank 2018 (Womens)Naomi
87.5%
Money in the Bank 2018 (Mens)Braun Strowman
87.5%
Money in the Bank 2018 (Mens)Bobby Roode
87.5%
Money in the Bank 2018 (Mens)Finn Balor
87.5%
Money in the Bank 2018 (Mens)Kevin Owens
87.5%
Money in the Bank 2018 (Mens)Kofi Kingston
87.5%
Money in the Bank 2018 (Mens)The Miz
87.5%
Money in the Bank 2015Randy Orton
87%
Money in the Bank 2015Kofi Kingston
87%
Money in the Bank 2012 (World Heavyweight Championship)Damien Sandow
86.8%
Money in the Bank 2014Jack Swagger
86.8%
Wrestlemania 21Chris Benoit
86.3%
Wrestlemania XXVMark Henry
86%
Money In The Bank 2010 (Raw)Mark Henry
86%
Money in the Bank 2016Dean Ambrose
85.7%
Wrestlemania XXVKofi Kingston
85.3%
Wrestlemania XXVIKofi Kingston
85.3%
Money In The Bank 2010 (Smackdown)Kofi Kingston
85.3%
Money in the Bank 2013 (WWE Championship)Sheamus
85.1%
Money in the Bank 2015Sheamus
84.8%
Wrestlemania XXIVJohn Morrison
84.6%
Money In The Bank 2010 (Raw)John Morrison
84.6%
Wrestlemania 22Ric Flair
83.9%
Money in the Bank 2017 (Womens)Carmella
83.3%
Money in the Bank 2017 (Womens)Charlotte Flair
83.3%
Money in the Bank 2017 (Womens)Tamina
83.3%
Wrestlemania XXIVMontel Vontavious Porter
82.2%
Wrestlemania XXVMontel Vontavious Porter
82.2%
Wrestlemania XXVIMontel Vontavious Porter
82.2%
Money in the Bank 2013 (World Heavyweight Championship)Wade Barrett
82.2%
Money in the Bank 2016Kevin Owens
82.1%
Money in the Bank 2013 (World Heavyweight Championship)Antonio Cesaro
81.2%
Wrestlemania 22Finlay
81.2%
Wrestlemania 23Finlay
81.2%
Wrestlemania XXVFinlay
81.2%
Wrestlemania XXVIDolph Ziggler
80.8%
Event Wrestler % Correct
Money In The Bank 2010 (Smackdown)Dolph Ziggler
80.8%
Money in the Bank 2017 (Mens)Kevin Owens
80.8%
Wrestlemania XXVIEvan Bourne
79.8%
Money In The Bank 2010 (Raw)Evan Bourne
79.8%
Money In The Bank 2010 (Smackdown)Cody Rhodes
79.1%
Money in the Bank 2016Alberto Del Rio
78.6%
Money in the Bank 2016Cesaro
78.6%
Money in the Bank 2016Sami Zayn
78.6%
Money in the Bank 2015Roman Reigns
78.3%
Wrestlemania 23King Booker
78.1%
Money in the Bank 2012 (World Heavyweight Championship)Santino Marella
77.9%
Money in the Bank 2017 (Mens)Baron Corbin
76.9%
Money in the Bank 2017 (Mens)Sami Zayn
76.9%
Money in the Bank 2012 (World Heavyweight Championship)Tyson Kidd
75.7%
Money in the Bank 2012 (World Heavyweight Championship)Tensai
75%
Money in the Bank 2017 (Womens)Becky Lynch
75%
Money in the Bank 2017 (Womens)Natalya
75%
Money in the Bank 2018 (Womens)Becky Lynch
75%
Money in the Bank 2018 (Womens)Ember Moon
75%
Money in the Bank 2018 (Womens)Natalya
75%
Money in the Bank 2018 (Womens)Sasha Banks
75%
Money in the Bank 2018 (Mens)Rusev
75%
Money in the Bank 2018 (Mens)Samoa Joe
75%
Wrestlemania XXIVCarlito
74%
Wrestlemania 22Bobby Lashley
73.3%
Money in the Bank 2017 (Mens)Shinsuke Nakamura
73.1%
Wrestlemania XXVIDrew McIntyre
72.3%
Money In The Bank 2010 (Smackdown)Drew McIntyre
72.3%
Money In The Bank 2010 (Raw)Ted DiBiase
71.6%
Money in the Bank 2017 (Mens)AJ Styles
69.2%
Money in the Bank 2015Neville
67.4%
Money in the Bank 2012 (World Heavyweight Championship)Sin Cara
66.9%
Money In The Bank 2011 (Smackdown)Kane
66.4%
Money in the Bank 2013 (World Heavyweight Championship)Fandango
64.4%
Money In The Bank 2011 (Raw)The Miz
63.4%
Money In The Bank 2011 (Smackdown)Daniel Bryan
61%
Money In The Bank 2011 (Raw)Jack Swagger
61%
Money In The Bank 2011 (Smackdown)Cody Rhodes
59.2%
Money In The Bank 2011 (Raw)Alberto Del Rio
58.9%
Money In The Bank 2011 (Raw)Kofi Kingston
58.9%
Money In The Bank 2011 (Raw)Rey Mysterio
57.2%
Money In The Bank 2011 (Smackdown)Wade Barrett
56.5%
Money In The Bank 2011 (Smackdown)Sheamus
56.2%
Money In The Bank 2011 (Raw)Evan Bourne
55.1%
Money In The Bank 2011 (Smackdown)Sin Cara
54.8%
Money In The Bank 2011 (Smackdown)Justin Gabriel
53.4%
Money In The Bank 2011 (Smackdown)Heath Slater
53.1%
Money In The Bank 2011 (Raw)R Truth
53.1%
Money In The Bank 2011 (Raw)Alex Riley
42.8%

You're not logged in!

Compare scores with friends on all Sporcle quizzes.
OR
Log In

You Might Also Like...

Show Comments

Extras

Top Quizzes Today


Score Distribution

Your Account Isn't Verified!

In order to create a playlist on Sporcle, you need to verify the email address you used during registration. Go to your Sporcle Settings to finish the process.

Report this User

Report this user for behavior that violates our Community Guidelines.

Details: